Principles of macroeconomics

Bibliographic Details
Main Author: Frank
Other Authors: Bernanke
Format: Book
Language:English
Published: New York McGraw-Hill Irwin 2006
Edition:3rd ed
Subjects:
LEADER 00627cam a2200217 a 4500
001 0000081152
005 20060816090000.0
040 |a mod 
041 |a eng 
020 0 0 |a 0073193976 (alk. paper) 
090 0 0 |a 330  |b FRA  |c f  |e 2006 
100 1 0 |a Frank  |h Robert H 
245 1 0 |a Principles of macroeconomics  |c Robert H. Frank, Ben S. Bernanke 
250 0 0 |a 3rd ed 
260 0 0 |a New York  |b McGraw-Hill Irwin  |c 2006 
300 0 0 |a xi, [various paging]  |c 28 cm 
500 0 0 |a Includes index 
650 0 0 |a Macoeconomics 
700 1 1 |a Bernanke  |h Ben 
852 0 0 |a 01 
999 |a 0245142  |b KEMENTAH  |d BOOKS  |e Umum  |f Perpustakaan KEMENTAH  |j AVAILABLE  |q GOOD CONDITION